| 000 | 00376nam a22001577a 4500 | ||
|---|---|---|---|
| 003 | macl | ||
| 005 | 20150627130610.0 | ||
| 008 | 150627b xxu||||| |||| 00| 0 eng d | ||
| 040 | _cmacl | ||
| 041 | _aEnglish | ||
| 082 | _a050 | ||
| 245 | _aSouth East Asia Holidays Vol.1 | ||
| 260 |
_aNew Delhi _bVinod Mehta _c2004 |
||
| 650 |
_aSerial publication _9330 |
||
| 942 |
_2ddc _cBK |
||
| 999 |
_c49924 _d49924 |
||